000 00765cab a2200253 4500
001 X2487
008 090401t1995 xxu||||| |||| 00| 0 eng d
035 _a(Sirsi) u24590
041 _aeng
245 _aAlan Charles Bailey v SoS Environment and Sedgemoor DC
260 _c1995
350 _a0
490 _aProperty and Compensation Reports
_v(1995) 70 P&CR 77-81(5)
520 _aCA 15 December 1994.
650 _aESTABLISHED USE CERTIFICATES
650 _aESTABLISHED USE
650 _aREPAIR OF VEHICLES
650 _aTEMPORARY PLANNING PERMISSION
650 _aTOWN AND COUNTRY PLANNING ACT 1990 S192
650 _aTOWN AND COUNTRY PLANNING ACT 1990 S288
690 _aPLANNING LAW AND PRACTICE-CASE LAW
942 _n0
948 _c04/03/1997
999 _c16497
_d16497